| 000 | 00499nam a2200193Ia 4500 | ||
|---|---|---|---|
| 003 | OSt | ||
| 005 | 20230608150319.0 | ||
| 008 | 210423s2004 xx 000 0 und d | ||
| 040 | _cAL | ||
| 082 |
_a338.9 ERIG _223 |
||
| 100 |
_aENIKSON (Thomas Hylland) _9122703 |
||
| 245 | _aGlobalization | ||
| 260 |
_aNew Delhi _bAnmol Publications _c2004 |
||
| 365 |
_b1421 _cINR |
||
| 650 |
_aEconomics _9122704 |
||
| 650 |
_aEconomics of Development _9122705 |
||
| 906 | _aGlobalization | ||
| 942 |
_2ddc _cBK |
||
| 999 |
_c174023 _d174023 |
||